Hỏi đáp chuyển dịch cơ cấu kinh tế

Enregistré dans:
Détails bibliographiques
Auteur principal: Trần xuân Kiên
Format: Livre
Langue:Undetermined
Publié: H. Thanh Niên 2002
Sujets:
Tags: Ajouter un tag
Pas de tags, Soyez le premier à ajouter un tag!
Thư viện lưu trữ: Trung tâm Học liệu Trường Đại học Cần Thơ
LEADER 00627nam a2200205Ia 4500
001 CTU_58605
008 210402s9999 xx 000 0 und d
020 |b 10000 
082 |a 338.191724 
082 |b K305 
100 |a Trần xuân Kiên 
245 0 |a Hỏi đáp chuyển dịch cơ cấu kinh tế 
245 0 |c Trần xuân Kiên và Ninh Văn Hiệp 
260 |a H. 
260 |b Thanh Niên 
260 |c 2002 
650 |a agriculture and state,vietnam 
650 |x developping countries,agricultural conditions 
904 |i Minh 
980 |a Trung tâm Học liệu Trường Đại học Cần Thơ